00690nam a2200193 4500001000700000003000900007005001700016007000300033008004100036100002600077245009300103260003300196300004200229700002600271700002600297852003200323999001900355952012200374112889ES-MaACL20230906185705.0t|061121s1966 mx r ||||1| spa d1 aMurray, Peter.98464713aEl arte del Renacimiento / cPeter Murray y Linda Murray ; traducción de Concha Marco. aMéxico : bHermes, c1966. a286 p. con 4 lám. : bil ; c21 cm.1 aMurray, Linda.9846431 aMarco, Concha.976455 aES-MaACLjC-31792 bR.62110 c112889d112889 00104070aATENEOMbATENEOMcDEPO2d2008-01-17eSCl0oC-31792p1117754r2023-02-23 00:00:00w2023-02-23yMONOGRAFIA